1801 1240 1862 1243 1876 1148 1960 1658 1462 1443 1523 1229 1836 1225 1337 1546 1541 1860 1253 1509 1556 1645 1157 1807 1996 1690 1886 1197 1247 1565 1512 1722 1897 1455 1684 1278 1621 1756 1225 1398 1813 1740 1008 1420 1360 1839 1095 1925 1142 1141 1344 1066 1342 1744 1385 1789 1231 1898 1466 1495 1303 1698 1895 1391 1001 1863 1952 1310 1751 1861 1197 1334 1177 1668 1550 1469 1496 1252 1788 1427 1175 1134 1217 1419 1500 1103 1929 1125 1671 1749 1956 1073 1383 1842 1970 1961 1557 1270 1540 BCNSPRNW ULIB Ver.6.0+V

เปลี่ยนเป็นภาษาไทย

Change to English
 แสดงรายละเอียดบรรณานุกรม
  กลับหน้าหลัก

Brief Record : Get Marc (ISO 2709) : E-mail record : QR code < ปิดหน้าต่าง
LEADER : 00000nam 2200000uu 4500
001    13399107824
003     ULIB
008    110204s2552||||th 000 0 tha d
020    9786111100952
060 04 WY158^bศ316ก
100 0  ศรีสุนทรา เจิมวรพิพัฒน์
245 10 การพยาบาลหูคอจมูก : ฉบับปรับปรุงครั้งที่1/^cศรีสุนทราเจิมวรพิพัฒน์
250    พิมพ์ครั้งที่ 2
260    นนทบุรี :^bโครงการสวัสดิการวิชาการ สถาบันพระบรมราชชนกกระทรวงสาธารณสุข,^c2552
300    [18], 398 หน้า :^bภาพประกอบ ;^c27 ซม.
504    มีบรรณานุกรม
650  7 โสต ศอ นาสิก ลาริงซ์วิทยา^xตำราการพยาบาล
650  7 หู คอ จมูก, โรค^xตำราการพยาบาล
710 2  สถาบันพระบรมราชชนก. ^bโครงการสวัสดิการวิชาการ
945    ^p350^l0^i026159
945    ^p350^l0^i026158
945    ^p350^l0^i026157
945    ^p350^l0^i022427
945    ^p350^l0^i022396
945    ^p350^l0^i018838
945    ^p350^l0^i016325
945    ^p350^l0^i016326
945    ^p350^l0^i016324
945    ^p350^l0^i015598
945    ^p350^l0^i029803
945    ^p350^l0^i029802
945    ^p350^l0^i029801
945    ^p350^l0^i029800
945    ^p350^l0^i029798
945    ^p350^l0^i029797
945    ^p350^l0^i029796
945    ^p350^l0^i029795
945    ^p350^l0^i024808
945    ^p350^l0^i022426
945    ^p350^l0^i022395
945    ^p350^l0^i015599
945    ^p350^l0^i029799
945    ^p350^l0^i029794
945    ^p350^l0^i032167
945    ^p350^l0^i032168
945    ^p350^l0^i032169
945    ^p350^l0^i032170
945    ^p350^l0^i032171
995    ทศพร
999 ^a ใช้งานได้ทุกระบบ
รายการนี้ยังไม่มีแท็ก
คุณยังไม่ได้ล็อกอิน คุณสามารถมีกิจกรรมร่วมกับเว็บไซต์ได้ แต่ต้องล็อกอินก่อน ::
  ล็อกอิน

รายการสื่อสารสนเทศ

ลำดับที่ ประเภท เลขเรียก/บาร์โค้ด สถานที่ สถานะ
- ไม่พบข้อมูล -

รายการใกล้เคียง
    ผู้แต่ง [ศรีสุนทรา เจิมวรพิพัฒน์]

BibComment


ยังไม่เคยถูกคอมเมนท์

คอมเมนท์ทรัพยากรรายการนี้
  คอมเมนท์: การพยาบาลหูคอจมูก..


 Copyright 2026. Bcnsprnw @Library